<?xml version="1.0" encoding="UTF-8"?><?xml-stylesheet type="text/xsl" href="static/style.xsl"?><OAI-PMH xmlns="http://www.openarchives.org/OAI/2.0/" xmlns:xsi="http://www.w3.org/2001/XMLSchema-instance" xsi:schemaLocation="http://www.openarchives.org/OAI/2.0/ http://www.openarchives.org/OAI/2.0/OAI-PMH.xsd"><responseDate>2026-04-13T02:13:38Z</responseDate><request verb="GetRecord" identifier="oai:www.recercat.cat:11351/6170" metadataPrefix="marc">https://recercat.cat/oai/request</request><GetRecord><record><header><identifier>oai:recercat.cat:11351/6170</identifier><datestamp>2025-10-24T10:24:01Z</datestamp><setSpec>com_2072_378070</setSpec><setSpec>com_2072_378040</setSpec><setSpec>col_2072_378092</setSpec></header><metadata><record xmlns="http://www.loc.gov/MARC21/slim" xmlns:dcterms="http://purl.org/dc/terms/" xmlns:xsi="http://www.w3.org/2001/XMLSchema-instance" xmlns:doc="http://www.lyncode.com/xoai" xsi:schemaLocation="http://www.loc.gov/MARC21/slim http://www.loc.gov/standards/marcxml/schema/MARC21slim.xsd">
   <leader>00925njm 22002777a 4500</leader>
   <datafield ind2=" " ind1=" " tag="042">
      <subfield code="a">dc</subfield>
   </datafield>
   <datafield ind2=" " ind1=" " tag="720">
      <subfield code="a">Roca, Neus</subfield>
      <subfield code="e">author</subfield>
   </datafield>
   <datafield ind2=" " ind1=" " tag="720">
      <subfield code="a">Jatem-Escalante, Elias</subfield>
      <subfield code="e">author</subfield>
   </datafield>
   <datafield ind2=" " ind1=" " tag="720">
      <subfield code="a">Martin, Maria Luisa</subfield>
      <subfield code="e">author</subfield>
   </datafield>
   <datafield ind2=" " ind1=" " tag="720">
      <subfield code="a">Muñoz López, Marina</subfield>
      <subfield code="e">author</subfield>
   </datafield>
   <datafield ind2=" " ind1=" " tag="720">
      <subfield code="a">Molina, Maria</subfield>
      <subfield code="e">author</subfield>
   </datafield>
   <datafield ind2=" " ind1=" " tag="720">
      <subfield code="a">Martínez, Cristina</subfield>
      <subfield code="e">author</subfield>
   </datafield>
   <datafield ind2=" " ind1=" " tag="260">
      <subfield code="c">2021-07-15T12:15:06Z</subfield>
   </datafield>
   <datafield ind2=" " ind1=" " tag="260">
      <subfield code="c">2021-07-15T12:15:06Z</subfield>
   </datafield>
   <datafield ind2=" " ind1=" " tag="260">
      <subfield code="c">2020</subfield>
   </datafield>
   <datafield ind2=" " ind1=" " tag="260">
      <subfield code="c">2020-01-17</subfield>
   </datafield>
   <datafield ind2=" " ind1=" " tag="520">
      <subfield code="a">Biomarcadors; Activació endotelial; Síndrome nefròtica</subfield>
   </datafield>
   <datafield ind2=" " ind1=" " tag="520">
      <subfield code="a">Biomarcadores; Activación endotelial; Síndrome nefrótico</subfield>
   </datafield>
   <datafield ind2=" " ind1=" " tag="520">
      <subfield code="a">Biomarkers; Endothelial activation; Nephrotic syndrome</subfield>
   </datafield>
   <datafield ind2=" " ind1=" " tag="520">
      <subfield code="a">Background&#xd;
Serum levels of soluble urokinase-type plasminogen activator receptor (suPAR) are high in some patients with idiopathic nephrotic syndrome (INS). Given that suPAR constitutes a predictor of vascular disease and has been associated with endothelial dysfunction, we hypothesized that suPAR levels are related to endothelial activation or dysfunction in INS patients. The aims of this study were to evaluate the relationship between serum concentrations of endothelial biomarkers and suPAR in patients with different histological patterns of INS and healthy controls, and to determine the demographic, clinical and biochemical characteristics of INS patients that influence suPAR serum levels.&#xd;
Methods&#xd;
This observational, cross-sectional study included patients with INS, diagnosed with minimal change disease (MCD), focal segmental glomerulosclerosis (FSGS) or membranous nephropathy (MN) by renal biopsy. Patient demographic, clinical and biochemical characteristics were recorded and blood samples were obtained at the time of diagnosis. Measurements of suPAR and endothelial molecules via serum levels were performed using Enzyme-Linked ImmunoSorbent Assay kits.&#xd;
Results&#xd;
Patients with nephrotic syndrome (n = 152) caused by FSGS, MCD or MN had increased circulating levels of endothelial markers. suPAR levels positively correlated with age and the serum levels of almost all endothelial markers. Generally, endothelial cell molecules positively correlated with each other. suPAR levels were not associated with the histopathological pattern of INS.&#xd;
Conclusions&#xd;
In patients with INS secondary to FSGS, MCD and NM, circulating levels of suPAR are independent of the primary renal disease, and significantly associated with age, glomerular filtration rate and the levels of various endothelial markers.</subfield>
   </datafield>
   <datafield ind2=" " ind1=" " tag="520">
      <subfield code="a">C.M. is supported by a Miguel Servet grant, Fondo de investigación sanitaria, Instituto de Salud Carlos III, Ministerio de Ciencia, Innovación y Universidades, CP18/00116. No additional funding was required in the development of the current study</subfield>
   </datafield>
   <datafield ind1="8" ind2=" " tag="024">
      <subfield code="a">http://hdl.handle.net/11351/6170</subfield>
   </datafield>
   <datafield tag="653" ind2=" " ind1=" ">
      <subfield code="a">Ronyons - Malalties</subfield>
   </datafield>
   <datafield tag="653" ind2=" " ind1=" ">
      <subfield code="a">Activadors plasminògens</subfield>
   </datafield>
   <datafield tag="653" ind2=" " ind1=" ">
      <subfield code="a">DISEASES::Male Urogenital Diseases::Urologic Diseases::Kidney Diseases::Nephrosis::Nephrotic Syndrome</subfield>
   </datafield>
   <datafield tag="653" ind2=" " ind1=" ">
      <subfield code="a">CHEMICALS AND DRUGS::Amino Acids, Peptides, and Proteins::Proteins::Glycoproteins::Membrane Glycoproteins::GPI-Linked Proteins::Receptors, Urokinase Plasminogen Activator</subfield>
   </datafield>
   <datafield tag="653" ind2=" " ind1=" ">
      <subfield code="a">ENFERMEDADES::enfermedades urogenitales masculinas::enfermedades urológicas::enfermedades renales::nefrosis::síndrome nefrótico</subfield>
   </datafield>
   <datafield tag="653" ind2=" " ind1=" ">
      <subfield code="a">COMPUESTOS QUÍMICOS Y DROGAS::aminoácidos, péptidos y proteínas::proteínas::glicoproteínas::glicoproteínas de membranas::proteínas ligadas a GPI::receptores del activador del plasminógeno de tipo urocinasa</subfield>
   </datafield>
   <datafield ind2="0" ind1="0" tag="245">
      <subfield code="a">Relationship between soluble urokinase-type plasminogen activator receptor and serum biomarkers of endothelial activation in patients with idiopathic nephrotic syndrome</subfield>
   </datafield>
</record></metadata></record></GetRecord></OAI-PMH>